000
00276nam a22001217a 4500
082
_a
158
_b
WHY/F
100
_a
WHYMAN,MATT
245
_a
FAMILY BREAK-UP
260
_a
LONDON
_b
HOLDER CHILDREN'S BOOKS
300
_a
159
650
_a
PERSONALITY DEVELOPMENT
_z
LONDON
942
_c
BK
999
_c
5454
_d
5454